| 000 | 00873nam a22002295a 4500 | ||
|---|---|---|---|
| 003 | OSt | ||
| 005 | 20170228115049.0 | ||
| 008 | 170226s2007 ua frb 000 0 ara d | ||
| 015 | _a2007 / 20523 | ||
| 040 |
_aEG-ScBUE _bara _cEG-ScBUE |
||
| 043 | _af-ua--- | ||
| 082 | 0 | 4 |
_a346.62048 _bع و ض _222 |
| 100 | 1 | _aعوضي، عبد الهادي فوزي. | |
| 245 | 1 | 2 |
_aالنظام القانوني للنسخة الخاصة من المصنفات المحمية / _cعبد الهادي فوزي العوضي. |
| 260 |
_aالقاهرة : _bدار النهضة العربية، _c[2007] |
||
| 300 |
_a195 ص. ؛ _c24 سم. |
||
| 504 | _aيشتمل على إرجاعات ببليوجرافية. | ||
| 650 | 7 |
_aحقوق التأليف والنشر _2BUEsh _941044 _xقوانين وتشريعات _zمصر. |
|
| 651 | _2BUEsh | ||
| 653 |
_bLLAAWW _cFebruary2017 |
||
| 942 | _2ddc | ||
| 999 |
_c24273 _d24245 |
||